000 00444nam a2200193Ia 4500
005 20240823054259.0
008 240823s9999||||xx |||||||||||||| ||und||
020 _a978-93-80930-39-8
041 _aENGLISH
082 _A823.9109954 Q2
100 _aKhatri C L
245 0 _aIndian Novel in English
250 _a1st
260 _c2012
_b"YKING Books, J"
500 _aYES
650 _aNovel
_bEnglish
942 _cBK
999 _c226089
_d226089